| 000 | 00794nam a2200205 4500 | ||
|---|---|---|---|
| 001 | 143443 | ||
| 003 | ES-MaACL | ||
| 005 | 20230906200820.0 | ||
| 007 | t| | ||
| 008 | 070214s1983 sp r ||||1| spa d | ||
| 100 | 1 |
_aSerrano Triana, Adolfo. _9105806 |
|
| 245 | 1 | 3 |
_aLa utilidad de la noción de servicio público y la crisis del Estado de bienestar / _cAdolfo Serrano Triana. |
| 250 | _a1ª ed. | ||
| 260 |
_aMadrid : _bMinisterio de Trabajo y Seguridad Social, _c1983. |
||
| 300 |
_a158 p. ; _c23 cm. |
||
| 500 | _aPrecede al tít.: Instituto de Estudios Laborales y de la Seguridad Social. | ||
| 710 | 2 |
_aInstituto de Estudios Laborales y de la Seguridad Social. _94915 |
|
| 710 | 1 |
_aEspaña. _bMinisterio de Trabajo y Seguridad Social. _93936 |
|
| 852 |
_aES-MaACL _jL-7292 _bR.107423 |
||
| 999 |
_c143443 _d143443 |
||